| 000 | 00819nam a2200253Ia 4500 | ||
|---|---|---|---|
| 005 | 20211111074506.0 | ||
| 008 | 130821s1996 mx gr spa | ||
| 020 | _a9684328354 | ||
| 040 |
_aCo-BoUCM _bspa |
||
| 041 | 0 | 0 | _aspa |
| 100 | 1 |
_aFrance, Anatole _d1844-1924 _951924 |
|
| 245 | 1 | 3 |
_aLos dioses tienen sed _cAnatole France |
| 250 | _a2a. Ed. | ||
| 260 |
_aMéxico D.F. (México) _bEditorial Porrúa _c1996 |
||
| 300 | _a267 páginas | ||
| 501 |
_aLa rebelión de los Angeles _cAnatole France. |
||
| 586 | _aPremio Nobel de Literatura, 1921. | ||
| 650 | 0 | 4 |
_aLiteratura europea _926524 |
| 650 | 0 | 4 |
_aLiteratura francesa _97794 |
| 650 | 0 | 4 |
_aNovela francesa _920506 |
| 700 |
_aJosserand, Pierre _eprol. _9163125 |
||
| 942 |
_cLIBRO _a18 _e2 _mF815d _2DEWEY _h843.912 |
||
| 999 |
_c51272 _d51272 |
||